Kitab perukunan, mengandung adjaran² jang wadjib atas tiap² orang Island jang mukallaf, perihal agama Islam dengan lengkap dan singkat. (Record no. 60791)

MARC details
000 -LEADER
fixed length control field 00674cam a22002171 4500
001 - CONTROL NUMBER
control field sa 64008290
003 - CONTROL NUMBER IDENTIFIER
control field DLC
005 - DATE AND TIME OF LATEST TRANSACTION
control field 20260227112053.0
008 - FIXED-LENGTH DATA ELEMENTS--GENERAL INFORMATION
fixed length control field 890514q io 000 0 ind
010 ## - LIBRARY OF CONGRESS CONTROL NUMBER
LC control number sa 64008290
035 ## - SYSTEM CONTROL NUMBER
System control number (OCoLC)23544008
040 ## - CATALOGING SOURCE
Original cataloging agency DLC
Transcribing agency MiU
Modifying agency DLC
042 ## - AUTHENTICATION CODE
Authentication code premarc
050 00 - LIBRARY OF CONGRESS CALL NUMBER
Classification number BP174
Item number .A4 1963
100 1# - MAIN ENTRY--PERSONAL NAME
Personal name Alaydrus, Ali.
245 10 - TITLE STATEMENT
Title Kitab perukunan, mengandung adjaran² jang wadjib atas tiap² orang Island jang mukallaf, perihal agama Islam dengan lengkap dan singkat.
250 ## - EDITION STATEMENT
Edition statement Tjet. 5.
260 ## - PUBLICATION, DISTRIBUTION, ETC.
Place of publication, distribution, etc. Djakarta,
Name of publisher, distributor, etc. Firma S. Ali Alaydrus
Date of publication, distribution, etc. [cover 1963]
300 ## - PHYSICAL DESCRIPTION
Extent 60 p.
Dimensions 17 cm.
650 #0 - SUBJECT ADDED ENTRY--TOPICAL TERM
Topical term or geographic name entry element Islam
General subdivision Customs and practices.

No items available.

Powered by Koha